Agriculture : towards2000 (Record no. 499301)

000 -LEADER
fixed length control field 00387cam a22001217a 4500
008 - FIXED-LENGTH DATA ELEMENTS--GENERAL INFORMATION
fixed length control field 180718b1981 xxu||||| |||| 00| 0 eng d
020 ## - INTERNATIONAL STANDARD BOOK NUMBER
International Standard Book Number 9251010803
082 ## - DEWEY DECIMAL CLASSIFICATION NUMBER
Classification number Z F739
245 ## - TITLE STATEMENT
Title Agriculture : towards2000
Statement of responsibility, etc. by Food and Agriculture Organization, Italy
260 ## - PUBLICATION, DISTRIBUTION, ETC.
Place of publication, distribution, etc. Rome
Name of publisher, distributor, etc. Food and Agriculture Organization
Date of publication, distribution, etc. 1981
300 ## - PHYSICAL DESCRIPTION
Extent 134+p.
700 ## - ADDED ENTRY--PERSONAL NAME
Personal name Italy.Food and Agriculture Organization
Holdings
Withdrawn status Lost status Damaged status Not for loan Permanent Location Current Location Date acquired Full call number Barcode Date last seen Price effective from Koha item type
        Indian Institute of Public Administration Indian Institute of Public Administration 2018-08-04 Z F739 G15506 2018-08-04 2018-08-04 G

Powered by Koha